000
00276nam a2200121Ia 4500
008
190216s9999||||xx |||||||||||||| ||und||
100
_a
Ivan Gomcharov
245
4
_a
The Same Old Story
260
_b
Raduga Pub
_c
1989
300
_a
349
650
_a
English Novel
942
_c
BK
999
_c
13558
_d
13558